Escenas de la comedia: Estudios dantianos (Record no. 12019)

MARC details
000 -LEADER
campo de control de longitud fija 00283nam a2200109Ia 4500
005 - FECHA Y HORA DE LA ÚLTIMA TRANSACCIÓN
campo de control 20251222143133.0
008 - DATOS DE LONGITUD FIJA--INFORMACIÓN GENERAL
campo de control de longitud fija 251222s9999||||xx |||||||||||||| ||spa||
082 ## - NÚMERO DE LA CLASIFICACIÓN DECIMAL DEWEY
Número de clasificación 808.801.7/C548E
100 ## - ENTRADA PRINCIPAL--NOMBRE DE PERSONA
Nombre de persona "Chiappo, Leopoldo"
245 #0 - MENCIÓN DEL TÍTULO
Título Escenas de la comedia: Estudios dantianos
942 ## - ELEMENTOS DE ENTRADA SECUNDARIOS (KOHA)
Tipo de ítem Koha Libros
Holdings
Estatus retirado Estado de pérdida Estado de daño No para préstamo Biblioteca de origen Biblioteca actual Ubicación en estantería Fecha de adquisición Total de préstamos Signatura topográfica completa Código de barras Visto por última vez Precio de reemplazo Tipo de ítem Koha
        Biblioteca Central Biblioteca Central Programa 22/12/2025   808.801.7/C548E 0014627 22/12/2025 22/12/2025 Libros